Регионална библиотека "Любен Каравелов" - Русе

Световният океан (Запис номер 174886)

MARC детайли
000 -Лидер
Контролно поле с фиксирана дължина 01414nam a2200313 c 4500
003 - Код на организацията, давaща контролен номер
Контролно поле BLK
005 - Дата и час на последна редакция
Контролно поле 20180422114701.0
008 - Елементи от данни с фиксирана дължина
fixed length control field 180411b bul|||||r ||||||| ||bul||
010 ## - Наследен системен номер
LC control number KNG00183392000
040 ## - Източник на каталожния запис
Идентификатор на билиотеката - собственик на записа BLK
041 ## - Код за език
Код за езика на текст/звукозапис или на отделно заглавие Български
Код за езика КДБФ Български
080 ## - УДК
Текстов определител УДК Океанология (океанография). Релеф на морското дъно - Общи въпроси, теория, наблюдения, прибори, приложна океанология, зони на морето и тяхното хоризонтално деление, морско равнище, вълни, при
УДК код - определител по УДК 551.46
УДК определител (02.062)
УДК - код + определител 551.46(02.062)
100 1# - Редна дума - Автор
Автор Тилев, Христо Петров
Авторска отговорност първи автор
R(LIN) 382164
139 ## - Редно поле
Редна дума Тилев, Христо Петров
Авторски знак Ти - Т 54
245 10 - Сведения за заглавието
Заглавие Световният океан
Редно поле (дума) Христо Петров Тилев.
257 ## - Страна на издаване
Страна на създаване/издаване България
260 ## - Област на издателските данни
-- София
Име на издателя, разпространителя и проч. Наука и изкуство
Година на издаване 1958
300 ## - Физическа характеристика
Страници 140 с.
Илюстрации и др. с ил.
Размери/Мащаб 18 см
380 ## - Жанр
Жанр Естествени науки. Математика
490 1# - СЕРИИ (Колекции)
Име на серия Библиотека Научно-популярно географско четиво
650 #4 - Допълнително описание по предмет – тема
Основно описание – тема или топоним Океани
9 (RLIN) 164867
653 ## - Ключова дума – ненормативна
Ключова дума океани
653 ## - Ключова дума – ненормативна
Ключова дума научно-популярни книги
852 ## - Местоположение
Форматна сигнатура Цб І 2083
856 4# - Електронен адрес и достъп
Електронен формат pdf - файл
Път до файла /url/
856 4# - Електронен адрес и достъп
Електронен формат pdf - файл
Път до файла /url/
942 ## - АРТИКУЛИ
Вид на библиотечния материал Книги
Скрит в OPAC Не
944 ## - СЪЗДАВАНЕ И РЕДАКЦИЯ на ЗАПИСА
Създаване/Редакция Създаване
Дата на регистрацията/редакция 08.10.2015
Служител, извършил регистрацията/редакцията Милена_Ачева
944 ## - СЪЗДАВАНЕ И РЕДАКЦИЯ на ЗАПИСА
Създаване/Редакция Редакция
Дата на регистрацията/редакция 14.10.2015
Служител, извършил регистрацията/редакцията Наталия_Любомирова
999 ## - СИСТЕМНИ КОНТРОЛНИ НОМЕРА
Koha biblionumber 174886
Koha biblioitemnumber 174886
Наличности
Код за отписване Код за изгубен артикул Източник на класификационната схема Код за повреда Коз за рестрикции Код за отдаване Артикулен № Име на библиотеката - собственик Име на библиотеката, в която се намира в момента Статус (Текущо местоположение) Дата на вписване в системата Местоположение - отдел Цена в лева Инвентарен номер Систематично азбучна сигнатура Баркод Номер на екземпляра Цена в евро Служебна бележка Служебен тип на артикула Бележка за публиката
  Не е изгубен Universal Decimal Classification Не е повреден само за читалня ползва се в читалня 300897 Регионална библиотека "Любен Каравелов" Русе Регионална библиотека "Любен Каравелов" Русе Хранилище 1958-01-01 Основен фонд - ползва се само за читалня 0.24 191/58-пф Цб І 2083 900000023382 1 0.12 Вид: Сф N: стар фонд Дата: 01.01.1958 Книги  
Изтеглен Не е изгубен Universal Decimal Classification Не е повреден без рестрикции заемане за дома 300898 Регионална библиотека "Любен Каравелов" Русе Регионална библиотека "Любен Каравелов" Русе Заемна - подръчен фонд 1958-01-01 Заемна - подръчен фонд 0.00 190/58-пф П 551.4/Т 54 190/58-пф 2 0.00 Вид: Сф N: стар фонд Дата: 01.01.1958 Книги  
Изтеглен Не е изгубен Universal Decimal Classification Не е повреден без рестрикции заемане за дома 300899 Регионална библиотека "Любен Каравелов" Русе Регионална библиотека "Любен Каравелов" Русе Заемна - подръчен фонд 1958-01-01 Заемна - подръчен фонд 2.40 8874/58 П 551.4/Т 54 8874/58 3 1.23 Вид: Сф N: стар фонд Дата: 01.01.1958 Книги  
Изтеглен Не е изгубен Universal Decimal Classification Не е повреден без рестрикции заемане за дома 300900 Регионална библиотека "Любен Каравелов" Русе Регионална библиотека "Любен Каравелов" Русе Заемна - подръчен фонд 1958-01-01 Заемна - подръчен фонд 2.40 8875/58 П 551.4/Т 54 8875/58 4 1.23 Вид: Сф N: стар фонд Дата: 01.01.1958 Книги  
Изтеглен Не е изгубен Universal Decimal Classification Не е повреден без рестрикции заемане за дома 300901 Регионална библиотека "Любен Каравелов" Русе Регионална библиотека "Любен Каравелов" Русе Заемна - подръчен фонд 1958-01-01 Заемна - подръчен фонд 2.40 8876/58 П 551.4/Т 54 8876/58 5 1.23 Вид: Сф N: стар фонд Дата: 01.01.1958 Книги  
Изтеглен Не е изгубен Universal Decimal Classification Не е повреден без рестрикции заемане за дома 300902 Регионална библиотека "Любен Каравелов" Русе Регионална библиотека "Любен Каравелов" Русе Заемна - подръчен фонд 1958-01-01 Заемна - подръчен фонд 0.00 6934/58 П 551.4/Т 54 6934/58 6 0.00 Вид: Сф N: стар фонд Дата: 01.01.1958 Книги  
Изтеглен Не е изгубен   Не е повреден без рестрикции заемане за дома 300903 Регионална библиотека "Любен Каравелов" Русе Регионална библиотека "Любен Каравелов" Русе   1958-01-01 Детски отдел 0.24 8879/58 ДН 55/Т 54 8879/58 7 0.12 Вид: Сф N: стар фонд Дата: 01.01.1958 Дата инв: 14.10.2015 Бележки инв: Д2015 Книги Отч.N: 49/17 , Дата: 09.10.2017
Vip Innovations Ltd, Rousse, Bulgaria 2025